MARC

LEADER 00000nam0a2200000 4500
001 212858
005 20231031192959.0
020 |a RU  |b 89-37262 
035 |a (RuTPU)RU\TPU\book\232567 
090 |a 212858 
100 |a 20120403d1989 m a0rusy5003 ca 
101 0 |a rus 
102 |a RU 
105 |a a j 001zy 
200 1 |a Защита от ионизирующего излучения  |e текст лекции  |f В. И. Слепнев  |g Московский государственный институт радиотехники, электроники и автоматики (Технический университет) (МИРЭА) 
210 |a Москва  |c МИРЭА  |d 1989 
215 |a 26 с.  |c ил.  |d 21 см 
320 |a Библиогр.: с. 26 (10 назв.) 
610 1 |a ионизирующие излучения 
610 1 |a дозиметрия 
610 1 |a защита 
610 1 |a нормирование 
610 1 |a воздействие на человека 
610 1 |a воздействие на организм 
610 1 |a контроль 
675 |a 621.039.584(075.8)  |z rus 
700 1 |a Слепнев  |b В. И.  |g Валерий Иванович  |4 070 
712 0 2 |a Московский государственный институт радиотехники, электроники и автоматики (Технический университет) (МИРЭА)  |2 stltpush  |3 (RuTPU)RU\TPU\col\119 
801 0 |a RU  |b RuMRKP  |c 19950417  |g psbo 
801 1 |a RU  |b 63413507  |c 20120403 
801 2 |a RU  |b 63413507  |c 20120420  |g RCR 
942 |c BK